A fearful innocence /

Bibliographic Details
Main Author: Davis, Frances
Format: Book
Language:English
Published: Kent, Ohio : Kent State University Press, [1981]
Subjects:

MARC

Tag First Indicator Second Indicator Subfields
LEADER 00000cam a22000008a 4500
001 in00000076689
005 20151008053739.0
008 810701s1981 ohua b s00110aeng
010 |a  81011793  
020 |a 0873382609 
035 |a (OCoLC)07597188 
035 |9 AAH8511AM 
039 0 |a 2  |b 3  |c 3  |d 3  |e 3 
040 |a DLC  |c DLC  |d TXA  |d UtOrBLW 
049 |a TXAM  |c [1803425] 
050 0 0 |a PN4874.D37  |b A298 
082 0 |a 070/.92/4  |a B  |2 19 
100 1 |a Davis, Frances. 
245 1 2 |a A fearful innocence /  |c Frances Davis. 
263 |a 8110 
264 1 |a Kent, Ohio :  |b Kent State University Press,  |c [1981] 
264 4 |c ©1981 
300 |a xvi, 253 pages :  |b illustrations ;  |c 24 cm. 
336 |a text  |b txt  |2 rdacontent 
337 |a unmediated  |b n  |2 rdamedia 
338 |a volume  |b nc  |2 rdacarrier 
500 |a Includes index. 
504 |a Bibliography: pages [239]-243. 
600 1 0 |a Davis, Frances. 
650 0 |a Journalists  |z United States  |v Biography. 
999 |a MARS 
999 f f |s cefb4d0c-ce94-3df6-a8e8-7bfc3a805fa6  |i d4bb1800-8fe0-30e8-b897-4839701b2fbb  |t 0 
952 f f |p ric  |a Texas A&M University  |b Rellis Campus  |c Joint Library Facility  |d Remote Storage  |t 0  |e PN4874.D37 A298  |h Library of Congress classification  |i unmediated -- volume  |m A14806179383 
998 f f |a PN4874.D37 A298  |t 0  |l Remote Storage